000
00262nam a22001217a 4500
041
_a
ENG
100
_a
Chaudhry .H.M
245
_a
open- Channel Flow Second Edition
260
_a
Delhi
_b
Springer.
_c
2008
300
_a
523
650
_a
IDE
856
_u
IDE ( 44 )
999
_c
1571
_d
1571